000 01322nam a2200337Ia 4500
001 ebr10594291
003 CaPaEBR
006 m u
007 cr cn|||||||||
008 120815s2012 nyu sb 001 0 eng d
010 _z 2012027211
020 _z9780823245000 (hardback)
020 _z9780823245017 (paper)
040 _aCaPaEBR
_cCaPaEBR
035 _a(OCoLC)811408253
050 1 4 _aJA71
_b.T358 2012eb
082 0 4 _a320.01
_223
100 1 _aTampio, Nicholas.
245 1 0 _aKantian Courage
_h[electronic resource] :
_badvancing the enlightenment in contemporary political theory /
_cNicholas Tampio.
260 _aNew York :
_bFordham University Press,
_c2012.
300 _axii, 255 p.
490 0 _aJust ideas
504 _aIncludes bibliographical references and index.
533 _aElectronic reproduction.
_bPalo Alto, Calif. :
_cebrary,
_d2011.
_nAvailable via World Wide Web.
_nAccess may be limited to ebrary affiliated libraries.
600 1 0 _aKant, Immanuel,
_d1724-1804
_xPolitical and social views.
650 0 _aPolitical science
_xPhilosophy.
650 0 _aEnlightenment.
655 7 _aElectronic books.
_2local
710 2 _aebrary, Inc.
856 4 0 _uhttp://site.ebrary.com/lib/rucke/Doc?id=10594291
_zAn electronic book accessible through the World Wide Web; click to view
999 _c111450
_d111450